|
|
|
|
| LEADER |
00000nbm0a2200000 4500 |
| 001 |
318947 |
| 005 |
20240212132722.0 |
| 035 |
|
|
|a (RuTPU)RU\TPU\book\344452
|
| 090 |
|
|
|a 318947
|
| 100 |
|
|
|a 20160513d1985 k y0rusy50 ca
|
| 101 |
0 |
|
|a rus
|
| 102 |
|
|
|a RU
|
| 105 |
|
|
|a a p 000zy
|
| 200 |
1 |
|
|a Моделирование воздействия радиационных полей ядерного взрыва на кварцевые резонаторы с помощью импульсных ускорителей заряженных частиц
|e отчет о НИР
|f Томский политехнический институт (ТПИ), Научно-исследовательский институт ядерной физики (НИИ ЯФ) ; руководитель А. Н. Диденко ; В. П. , отв. исп. Кривобоков ; исп. О. Х. Асаинов , К. И. Баранов , Л. П. Молоткова , О. В. Пащенко , Г. А. Сапульская , Б. П. Степанов , О. Л. Хасанов , С. Н. Янин , Л. М. Романова
|
| 210 |
|
|
|a Томск
|c Изд-во ТПИ
|d 1985
|
| 215 |
|
|
|a 98 л.
|c ил.
|
| 371 |
0 |
|
|a For_staff_use
|
| 606 |
1 |
|
|a Резонаторы кварцевые
|2 stltpush
|3 (RuTPU)RU\TPU\subj\24715
|9 49011
|
| 610 |
1 |
|
|a тонкослойные композиции
|
| 610 |
1 |
|
|a тяжелые ионы
|
| 610 |
1 |
|
|a сильноточные пучки
|
| 610 |
1 |
|
|a нейтронные компоненты
|
| 610 |
1 |
|
|a воздействие
|
| 610 |
1 |
|
|a моделирование
|
| 610 |
1 |
|
|a кварцевые резонаторы
|
| 610 |
1 |
|
|a математические модели
|
| 610 |
1 |
|
|a наносекундные радиационные поля
|
| 610 |
1 |
|
|a кварцевые кристаллы
|
| 610 |
1 |
|
|a ионизационные процессы
|
| 610 |
1 |
|
|a облучение электронами
|
| 610 |
1 |
|
|a отчеты о НИР
|
| 610 |
1 |
|
|a труды учёных ТПУ
|
| 675 |
|
|
|a 621.372.41
|v 3
|
| 702 |
|
1 |
|a Диденко
|b А. Н.
|c физик
|c профессор Томского политехнического университета (до 1987 г.)
|c с 1988 г. заведующий кафедрой Московского инженерно-физического института
|c советник Российской академии наук
|f 1932-
|g Андрей Николаевич
|3 (RuTPU)RU\TPU\pers\19779
|4 673
|
| 702 |
|
1 |
|a Кривобоков
|b В. П.
|c физик
|c профессор Томского политехнического университета, доктор физико-математических наук
|f 1948-
|g Валерий Павлович
|3 (RuTPU)RU\TPU\pers\21971
|4 677
|9 9290
|
| 702 |
|
1 |
|a Асаинов
|b О. Х.
|c физик
|c заведующий лабораторией Томского политехнического университета, кандидат физико-математических наук
|f 1957-
|g Олег Хайдарович
|3 (RuTPU)RU\TPU\pers\25109
|4 677
|
| 702 |
|
1 |
|a Баранов
|b К. И.
|4 677
|
| 702 |
|
1 |
|a Молоткова
|b Л. П.
|4 677
|
| 702 |
|
1 |
|a Пащенко
|b О. В.
|c физик
|c старший научный сотрудник Томского политехнического университета, кандидат физико-математических наук
|f 1962-
|g Олег Валентинович
|3 (RuTPU)RU\TPU\pers\29784
|4 677
|9 14261
|
| 702 |
|
1 |
|a Сапульская
|b Г. А.
|4 677
|
| 702 |
|
1 |
|a Степанов
|b Б. П.
|c специалист в области атомной энергетики
|c доцент Томского политехнического университета, кандидат технических наук
|f 1960-
|g Борис Павлович
|3 (RuTPU)RU\TPU\pers\29389
|4 677
|9 13970
|
| 702 |
|
1 |
|a Хасанов
|b О. Л.
|c физик, специалист в области наноматериалов
|c профессор Томского политехнического университета, доктор технических наук
|c директор Нано-Центра ТПУ, заведующий кафедрой наноматериалов и нанотехнологий
|f 1958-
|g Олег Леонидович
|3 (RuTPU)RU\TPU\pers\26436
|4 677
|
| 702 |
|
1 |
|a Янин
|b С. Н.
|c физик
|c профессор Томского политехнического университета, доктор физико-математических наук
|f 1958-
|g Сергей Николаевич
|3 (RuTPU)RU\TPU\pers\30792
|4 677
|9 15048
|
| 702 |
|
1 |
|a Романова
|b Л. М.
|c физик
|c учебный мастер Томского политехнического университета
|f 1952-
|g Лилия Михайловна
|3 (RuTPU)RU\TPU\pers\36759
|4 677
|
| 712 |
0 |
2 |
|a Томский политехнический институт (ТПИ)
|b Научно-исследовательский институт ядерной физики (НИИ ЯФ)
|c (1975-1998)
|3 (RuTPU)RU\TPU\col\11922
|
| 801 |
|
1 |
|a RU
|b 63413507
|c 20160513
|
| 801 |
|
2 |
|a RU
|b 63413507
|c 20200828
|g RCR
|
| 942 |
|
|
|c BK
|